000 02044cam a2200349 a 4500
003 EG-GiCUC
005 20250223031226.0
008 150509s2014 ua dh f m 000 0 eng d
040 _aEG-GiCUC
_beng
_cEG-GiCUC
041 0 _aeng
049 _aDeposite
097 _aPh.D
099 _aCai01.11.15.Ph.D.2014.Ah.E
100 0 _aAhmed Mohamad Abdelaal Kenawy
245 1 0 _aEvaluation of uterine scar and its possible defect after cesarean section by transvaginal ultrasound /
_cAhmed Mohamad Abdelaal Kenawy ; Supervised Hany Hassan Mostafa , Magdy Ibrahim Mostafa , Ahmed Mahmoud Sayed
246 1 5 _aتقيم إحتمال إعتلالات الندب الرحمية ما بعد العملية القيصرية عن طريق الفحص المهبلى بالموجات فوق الصوتية
260 _aCairo :
_bAhmed Mohamad Abdelaal Kenawy ,
_c2014
300 _a87 P. :
_bcharts , facsimiles ;
_c25cm
502 _aThesis (Ph.D.) - Cairo University - Faculty of Medicine - Department of Gynecology and Obstetrics
520 _aThis cross-sectional study was intended to describe morphological criteria of cesarean section scar and or their defects (niches) through examination by transvaginal ultrasonography (TVS) during the non-pregnant state and to associate the CS defects with the related gynecological presentation and risk factors in such patients. The study involved 100 multiparous women with history of at least one previous CS recruited from the outpatient clinic of Aswan Teaching Hospital during the period from January 2011 to February 2013
530 _aIssued also as CD
653 4 _a Cesarean section scar defects
653 4 _a Post menstrual spotting
653 4 _a Transvaginal ultrasonography (TVS)
700 0 _aAhmed Mahmoud Sayed ,
_eSupervisor
700 0 _aHany Hassan Mostafa ,
_eSupervisor
700 0 _aMagdy Ibrahim Mostafa ,
_eSupervisor
856 _uhttp://172.23.153.220/th.pdf
905 _aNazla
_eRevisor
905 _aSoheir
_eCataloger
942 _2ddc
_cTH
999 _c50843
_d50843